| 000 | 00447nam a2200157Ia 4500 | ||
|---|---|---|---|
| 008 | 220217s9999 xx 000 0 und d | ||
| 245 | 0 | _aLaboratory tests for resistivity of conducting and antistatic rubbers | |
| 260 | _c1978 | ||
| 500 | _aStandard number: BS 2044 | ||
| 650 | _aAntistatic plastics | ||
| 650 | _aAntistatic rubber | ||
| 650 | _aConductive rubber | ||
| 650 | _aLaboratory methods | ||
| 650 | _aResistivity test | ||
| 942 | _cST | ||
| 999 |
_c73038 _d73038 |
||